000 01235nam a2200313 a 4500
001 ebr10232821
003 CaPaEBR
006 m u
007 cr cn|||||||||
008 070507s2008 njua sb 001 0 eng
010 _z 2007019073
020 _z9780470073865 (cloth)
020 _z0470073861 (cloth)
040 _aCaPaEBR
_cCaPaEBR
035 _a(OCoLC)608622687
050 1 4 _aQA76.76.D47
_bL86 2008eb
082 0 4 _a005.1
_222
100 1 _aLui, Kim Man.
245 1 0 _aSoftware development rhythms
_h[electronic resource] :
_bharmonizing agile practices for synergy /
_cKim Man Lui and Keith C.C. Chan.
260 _aHoboken, N.J. :
_bWiley-Interscience,
_cc2008.
300 _axvi, 307 p. :
_bill.
504 _aIncludes bibliographical references and index.
533 _aElectronic reproduction.
_bPalo Alto, Calif. :
_cebrary,
_d2013.
_nAvailable via World Wide Web.
_nAccess may be limited to ebrary affiliated libraries.
650 0 _aComputer software
_xDevelopment.
655 7 _aElectronic books.
_2local
700 1 _aChan, Keith C. C.
710 2 _aebrary, Inc.
856 4 0 _uhttp://site.ebrary.com/lib/rucke/Doc?id=10232821
_zAn electronic book accessible through the World Wide Web; click to view
999 _c37551
_d37551